000
00244nam a22000857a 4500
008
161128b xxu||||| |||| 00| 0 eng d
100
_9
1483
_a
Young Learners
245
_a
Evergreen Moral Stories
260
_a
New Delhi
_b
Young Learners Publication
_c
2011
999
_c
4208
_d
4208